000 00417nam a22001457a 4500
999 _c3995
_d3995
008 200709b ||||| |||| 00| 0 eng d
082 0 0 _a512.9436
_bR1615
100 _93302
_aRajasekaran, S.
245 1 0 _aNumerical methods for initial and boundary value problems /
_cby S. Rajasekaran
250 _a1st ed.
260 _aCalcutta
_bWheeler
_c1987
300 _axii, 240 p.
650 0 _aNumerical analysis
942 _cBK